Fundamentals of semiconductors : Physics and materials properties

Excellent bridge between general solid-state physics textbook and research articles packed with providing detailed explanations of the electronic, vibrational, transport, and optical properties of semiconductors

Gorde:
Xehetasun bibliografikoak
Egile nagusia: Yu, Peter Y
Formatua: Liburua
Hizkuntza:Undetermined
Argitaratua: New York Springer, 2010
Gaiak:
Etiketak: Etiketa erantsi
Etiketarik gabe, Izan zaitez lehena erregistro honi etiketa jartzen!
Thư viện lưu trữ: Trung tâm Học liệu Trường Đại học Cần Thơ
LEADER 00912nam a2200253Ia 4500
001 CTU_237177
008 210402s9999 xx 000 0 und d
082 |a 537.622 
082 |b Y94 
100 |a Yu, Peter Y 
245 0 |a Fundamentals of semiconductors : 
245 0 |b Physics and materials properties 
245 0 |c Peter Y. Yu, Manuel Cardona. 
260 |a New York 
260 |b Springer, 
260 |c 2010 
520 |a Excellent bridge between general solid-state physics textbook and research articles packed with providing detailed explanations of the electronic, vibrational, transport, and optical properties of semiconductors 
526 |a Vật lý bán dẫn 
526 |b TN398 
650 |a Semiconductors,Chất bán dẫn 
650 |x Materials.,Vật liệu. 
904 |i Qhieu 
910 |a Tuyến 
980 |a Trung tâm Học liệu Trường Đại học Cần Thơ